01634cam a2200313 a 450000500170000000800410001701500170005802000150007504000120009004100080010204300120011008200200012211100840014224501680022626000560039430000300045050000150048065000580049565000590055365000610061265000540067365000620072794200150078994900120080499900130081695201740082995201750100395201420117820160209160348.0041019s1996 ck a gr 10010 spa d ack-1996-xxxx a9589487017 ala cla0 aspa as-ck---04a333.716 bS35m 2 aSeminario Internacional de Producción Limpia d(1996 : cCartagena de Indias)10aPrimer seminario internacional de producción limpia : bmemorias /c1er seminario internacional de producción limpia, Cartagena de Indias, mayo 9 y 10 de 1996. aMedellin : bMinisterio del Medio Ambiente, c1996. a219 p. : bil. ; c28 cm. aFotocopia. aPolítica ambientalv Congresos, conferencias, etc.. 6aGestión ambientalz Colombiay 2003-2004v Informes. 6aAuditoría ambientalz Colombiay 2003-2004v Informes. 4aControl ambientalv Congresos, conferencias, etc. 4aProducción más limpiav Congresos, conferencias, etc. 2ddccLIBRO ac bc c235d235 00102ddc40708GENERALIINV2017aVenadobVenadod1997-12-26eInstitutog39000.00l0oLB-333.716 S35mp000303r2012-12-04 00:00:00tEj. 2w2012-12-04xDonaciónyLIBRO 00102ddc40708GENERALIINV2017aBogotabBogotad2002-06-27eInstitutog39000.00l0oLB-333.716 S35m p000304r2012-12-04 00:00:00tEj. 1w2012-12-04xDonaciónyLIBRO 00102ddc40708GENERALaBogotabBogotad2019-12-30l0oLB-333.716 S35mp043958r2019-12-30 00:00:00tEj.3w2019-12-30xDonacionyLIBRO